LEADER 01366nam a2200313 u 4500 001 000000112377 003 CaOOAMICUS 005 20080707112956.0 008 080707s2008 it u000 u ita u 020 $z978-88-7313-200-4* 040 $aPUL$bita$dLDB 245 00$aPopoli e Chiese dell'Oriente cristiano /$ca cura di Aldo Ferrari. 260 $aRoma :$bEdizioni lavoro,$cc2008. 300 $axvi, 312 p. ;$c21 cm 490 1 $aStudi di storia ;$v44 504 $aBibliografia : p. 305-309. 610 24$aChiesa armena.$0(OLS)http://pul/subject/15113 610 24$aChiesa maronita.$0(OLS)http://pul/subject/14507 610 24$aChiesa siriaca.$0(OLS)http://pul/subject/5796 650 14$aChiesa ortodossa$zGeorgia.$0(OLS)http://pul/subject/34636 650 14$aCristianesimo$zAfrica.$0(OLS)http://pul/subject/34302 700 1 $aFerrari, Aldo.$0(OLS)http://pul/name/69265 830 0$aStudi di storia (Edizioni Lavoro) ;$v44.$0(OLS)http://pul/title/21582 850 $aPUL 852 $aPUL$W1$xSL Religione 3$y85$m281 FERAL 1$j128564$qDDC 21$B127498$CPULBib$Z2$F127498 $H107804 $82 941 1 $a9 996 $6020$z978-88-7313-200-4*$9(OLS)http://pul/number/138297 996 $6245$aPopoli e Chiese dell'Oriente cristiano$9(OLS)http://pul/title/141223 996 $6260$aRoma :$bEdizioni lavoro$9(OLS)http://pul/publisher/54560 LEADER 01618nam a2200325 a 4500 001 000000122431 003 CaOOAMICUS 005 20100707140816.0 008 100707t2010 it u000 u ita r 020 $a978-88-495-1973-0 040 $aPUL$bita$dReb 082 04$a340.1 100 1 $aTaranto, Salvatore.$0(OLS)http://pul/name/51646 245 10$aDiritto e religioni nelle democrazie contemporanee :$buna prospettiva normativa /$cSalvatore Taranto. 260 $aNapoli :$bEdizioni scientifiche italiane,$c©2010. 300 $a325 p. ; $c24 cm 490 1 $aUniversitą degli studi "Magna Graecia" di Catanzaro$aCollana del Dipartimento di Scienza e Storia del Diritto ;$v01 504 $aBibliografia in nota. 650 4$aDiritto e religione.$0(OLS)http://pul/subject/20548 830 0$aUniversitą degli studi "Magna Graecia" di Catanzaro$pCollana del Dipartimento di Scienza e Storia del Diritto ;$v01.$0(OLS)http://pul/title/154197 850 $aPUL 852 $aPUL$W1$xSL Diritto e Scienze Sociali 3$y79$m340. 1 TARSA 1$j140597$qDDC 21$B139706$CPULBib$Z2$F139706 $H113694 $82 941 1 $a9 960 $aDiritto ecclesiastico$920548 960 $aDiritto ecclesiastico$920548 960 $aReligione e diritto$920548 996 $6020$a978-88-495-1973-0$9(OLS)http://pul/number/144804 996 $6082$a340.1$9(OLS)http://pul/classification/476 996 $6245$aDiritto e religioni nelle democrazie contemporanee :$buna prospettiva normativa$9(OLS)http://pul/title/154196 996 $6260$aNapoli :$bEdizioni scientifiche italiane$9(OLS)http://pul/publisher/48388 LEADER 01117nam a2200241 u 4500 001 000000052486 003 CaOOAMICUS 005 20070226115444.0 008 001018s1994 it u000 u ita u 035 $a10858571 040 $aPUL$bita 100 1 $aBucci, Onorato.$0(OLS)http://pul/name/29630 245 10$aA proposito del "recupero del negozio matrimoniale invalido" /$cOnorato Bucci. 260 $aRoma :$bPontificiae Universitatis Lateranensis Institutum Utriusque Iuris,$c1994. 300 $aP. 773-787 ;$c24 cm 500 $aEstr. da: "Apollinaris", LXVII, (1994). 650 4$aMatrimonio (diritto canonico).$0(OLS)http://pul/subject/475 850 $aPUL 852 $aPUL$W1$xSL Cons. Gen., Altre Classi 1$y1$m1381 E$j69385$nBK-PRI$b $qStampati$B69394$CPULBib$Z2$F69394 $H $81 941 1 $a8 960 $aDiritto matrimoniale canonico$9475 996 $6245$aA proposito del "recupero del negozio matrimoniale invalido"$9(OLS)http://pul/title/70398 996 $6260$aRoma :$bPontificiae Universitatis Lateranensis Institutum Utriusque Iuris$9(OLS)http://pul/publisher/68305